| 000 | 00919nam a22002657a 4500 | ||
|---|---|---|---|
| 001 | 5761 | ||
| 003 | FISKH | ||
| 005 | 20250121101632.0 | ||
| 008 | 250121b cb ||||| |||| 00| 0 eng d | ||
| 020 | _a9789352760336 | ||
| 040 |
_aFISKH _beng _cFISKH _dFISKH |
||
| 050 | _aPZ7 | ||
| 082 | _a810 | ||
| 100 | _aAnonymous | ||
| 245 |
_aRobby rat and Ricky rabbit ; _bRun with letter R / |
||
| 260 |
_aNew Delhi : _bOM Books International, _c2017. |
||
| 300 |
_a32 pages ; _bcolor illustrations ; _c22 cm |
||
| 505 | _aF | ||
| 520 | _aRobby Rat and Ricky Rabbit. Robby Rat and Ricky Rabbit are best friends. But when there is a dreadful storm, Ricky Rabbit Does not help Robby Rat. Does Robby Rat feel bad? What does he do? Read on to find out. | ||
| 521 | 8 |
_a300
_bLexile estimate |
|
| 521 | 8 |
_aF
_bRaz-Plus |
|
| 650 |
_aAnimals _vFriendship _xHelping _yCare |
||
| 942 |
_2ddc _cBK _n0 |
||
| 999 |
_c5761 _d5761 |
||